Genocidio: ¿Porqué cometemos crímenes atroces? (Registro nro. 6760)

Detalles MARC
000 -Cabecera
Campo de control de longitud fija 00847nam a22003497a 4500
005 - Fecha y hora de la última transacción
Campo de control 20260309175959.0
008 - Elementos de longitud fija--Información general
Campo de control de longitud fija 150728b2012 xxu||||| |||| 00| 0 spa d
020 ## - International Standard Book Number
Número Internacional Estándar del Libro (ISBN) 9789968318914
041 ## - Idioma
Código de idioma Español
082 ## - Clasificación Decimal Dewey
Número de clasificación 364.151 SCH333g
100 ## - Entrada principal--Autor personal
Nombre personal Schifter Sikora, Jacobo
9 (RLIN) 11189
245 ## - Título propiamente dicho
Título Genocidio: ¿Porqué cometemos crímenes atroces?
260 ## - Pie de imprenta
Lugar de publicación, distribución, etc. Costa Rica
260 ## - Pie de imprenta
Nombre del editor, distribuidor, etc. EUNED
260 ## - Pie de imprenta
Nombre del editor, distribuidor, etc. 2012
300 ## - Descripción física
Extensión 285 páginas
490 ## - Serie
Título de la Serie Investigación Criminal
650 ## - Materia general
Temática (materia general) COSTA RICA
650 ## - Materia general
Temática (materia general) GENOCIDIO
650 ## - Materia general
Temática (materia general) HISTORIA
650 ## - Materia general
Temática (materia general) RELIGIÓN
650 ## - Materia general
Temática (materia general) RACISMO
650 ## - Materia general
Temática (materia general) POLÍTICA
650 ## - Materia general
Temática (materia general) PSICOLOGÍA
650 ## - Materia general
Temática (materia general) HOMOFOBIA
650 ## - Materia general
Temática (materia general) FEMINISMO
650 ## - Materia general
Temática (materia general) HISTORIKERSTREIT
650 ## - Materia general
Temática (materia general) NEGACIONISMO
650 ## - Materia general
Temática (materia general) HOLOCAUSTO
650 ## - Materia general
Temática (materia general) CRÍMENES
942 ## - Punto de acceso adicional KOHA
Tipo de ítem KOHA Libro
Fuente del sistema de clasificación o colocación Dewey Decimal Classification
Existencias
Signatura completa Código de barras Programa Académico Tipo de ítem
364.151 SCH333g 21315 Investigación Criminal Libro
364.151 SCH333g 23354 Investigación Criminal Libro